[Event "Chicago op 34th"]
[Site "Chicago"]
[Date "2025.05.26"]
[Round "8"]
[White "Wang, Tianqi"]
[Black "Singh, Siddharth"]
[Result "1-0"]
[WhiteElo "2355"]
[BlackElo "2280"]
[PlyCount "65"]
[EventDate "2025.05.22"]
[EventType "swiss"]
[EventRounds "9"]
[EventCountry "USA"]
[SourceTitle "CB23_2025"]
[SourceDate "2025.06.04"]
[SourceVersion "1"]
[SourceVersionDate "2025.06.04"]
[SourceQuality "1"]

1. d4 Nf6 2. c4 e6 3. Nc3 Bb4 4. f3 c5 5. d5 b5 6. e4 d6 7. Nge2 bxc4 8. Nf4 e5 9. Nfe2 Nbd7 10. Ng3 Nb6 11. Be2 Ng8 12. h4 Ne7 13. h5 h6 14. 0-0 0-0 15. f4 exf4 16. Bxf4 f5 17. Bf3 Bxc3 18. bxc3 fxe4 19. Bxe4 Bb7 20. Qg4 Bc8 21. Qf3 Bb7 22. Rad1 Qd7 23. Bb1 Nexd5 24. Qe4 Rxf4 25. Qh7+ Kf8 26. Nf5 Qf7 27. Nxd6 Qe6 28. Nxb7 Re8 29. Bg6 Rb8 30. Nxc5 Qe5 31. Rfe1 Ne3 32. Nd7+ Nxd7 33. Rxd7 1-0

[Event "Chicago op 34th"]
[Site "Chicago"]
[Date "2025.05.23"]
[Round "2"]
[White "Wang, Tianqi"]
[Black "Blanco Amaro, Guillermo J"]
[Result "0-1"]
[WhiteElo "2355"]
[BlackElo "2076"]
[PlyCount "68"]
[EventDate "2025.05.22"]
[EventType "swiss"]
[EventRounds "9"]
[EventCountry "USA"]
[SourceTitle "CB23_2025"]
[SourceDate "2025.06.04"]
[SourceVersion "1"]
[SourceVersionDate "2025.06.04"]
[SourceQuality "1"]

1. d4 Nf6 2. c4 e6 3. Nc3 Bb4 4. f3 d5 5. a3 Be7 6. cxd5 exd5 7. e4 dxe4 8. fxe4 0-0 9. Nf3 Re8 10. Bc4 Be6 11. Bxe6 fxe6 12. Qb3 Qd7 13. Ne5 Qd6 14. Be3 Qb6 15. Qa2 Nbd7 16. Nc4 Qc6 17. Nd2 Ng4 18. Bg1 Bg5 19. Nf3 Be3 20. Bxe3 Nxe3 21. Kf2 Ng4+ 22. Kg3 Ngf6 23. Rhe1 Kh8 24. h3 e5 25. d5 Nh5+ 26. Kh2 Qg6 27. Qc4 Qg3+ 28. Kh1 Rf8 29. Ne2 Qf2 30. Ng5 Ng3+ 31. Nxg3 Qxg3 32. Ne6 Rf2 33. Rg1 Nf6 34. Raf1 Ng4 0-1

[Event "Charlotte Spring GM-A"]
[Site "Charlotte"]
[Date "2025.04.20"]
[Round "9"]
[White "Panchanathan, Magesh Chandran"]
[Black "Wang, Tianqi"]
[Result "1/2-1/2"]
[WhiteElo "2458"]
[BlackElo "2355"]
[PlyCount "139"]
[EventDate "2025.04.16"]
[EventType "tourn"]
[EventRounds "9"]
[EventCountry "USA"]
[EventCategory "6"]
[SourceTitle "CB17_2025"]
[SourceDate "2025.04.23"]
[SourceVersion "1"]
[SourceVersionDate "2025.04.23"]
[SourceQuality "1"]

1. c4 e6 2. Nf3 d5 3. g3 Nf6 4. Bg2 Be7 5. 0-0 0-0 6. d4 dxc4 7. Qa4 a6 8. Qxc4 b5 9. Qc2 Bb7 10. Bg5 Nbd7 11. Nbd2 Rc8 12. Bxf6 Nxf6 13. Nb3 c5 14. dxc5 Ne4 15. Rfd1 Qc7 16. c6 Qxc6 17. Qxc6 Bxc6 18. Ne5 Bd5 19. Nd7 Rfe8 20. Nb6 Rc2 21. Nxd5 exd5 22. Rxd5 Bf6 23. Rad1 Nxf2 24. R1d2 Rxd2 25. Rxd2 Ng4 26. Bf3 Ne5 27. Nc5 Nc4 28. Rd7 Ne5 29. Rc7 Nxf3+ 30. exf3 Bxb2 31. Nxa6 g6 32. Kf1 Re3 33. Rc2 Rxf3+ 34. Ke2 Ra3 35. Nc5 Bd4 36. Nb3 Bf6 37. Kd3 Ra4 38. Nc5 Ra3+ 39. Nb3 Kg7 40. Ke4 Ra8 41. Rd2 b4 42. Kd5 Bc3 43. Re2 h5 44. Nc5 f5 45. Kc4 Rc8 46. Kb5 Kf7 47. Nd7 h4 48. gxh4 Rh8 49. Nb6 Rxh4 50. Nd5 Bd4 51. Nxb4 Bg1 52. a4 Bxh2 53. a5 Bd6 54. Nc6 Rh1 55. a6 Rb1+ 56. Kc4 Rc1+ 57. Kd5 Rd1+ 58. Kc4 Rc1+ 59. Kd5 Rd1+ 60. Nd4 Ra1 61. Kxd6 Rxa6+ 62. Nc6 Kf6 63. Kd5 f4 64. Re6+ Kg5 65. Ke4 Ra3 66. Ne5 Ra4+ 67. Kd5 Kf5 68. Re8 Ra5+ 69. Kd4 Ra4+ 70. Kd5 1/2-1/2

[Event "Charlotte Spring GM-A"]
[Site "Charlotte"]
[Date "2025.04.18"]
[Round "4"]
[White "Wang, Tianqi"]
[Black "Amburgy, Ryan"]
[Result "1/2-1/2"]
[WhiteElo "2355"]
[BlackElo "2266"]
[PlyCount "155"]
[EventDate "2025.04.16"]
[EventType "tourn"]
[EventRounds "9"]
[EventCountry "USA"]
[EventCategory "6"]
[SourceTitle "CB17_2025"]
[SourceDate "2025.04.23"]
[SourceVersion "1"]
[SourceVersionDate "2025.04.23"]
[SourceQuality "1"]

1. b3 e5 2. Bb2 Nc6 3. e3 Nf6 4. Nf3 e4 5. Nd4 Nxd4 6. Bxd4 d5 7. c4 Bf5 8. Nc3 dxc4 9. Bxc4 Be7 10. 0-0 0-0 11. f3 c5 12. Be5 Bg6 13. fxe4 Nxe4 14. Nxe4 Bxe4 15. Qg4 Bg6 16. Rf2 Bd6 17. Bc3 b5 18. Bxb5 Bxh2+ 19. Kh1 Qd6 20. Bc4 Be5 21. d4 cxd4 22. exd4 Bf6 23. Raf1 Rfe8 24. Rf4 Rad8 25. Qf3 Re7 26. a3 Qxa3 27. Rxf6 gxf6 28. Qxf6 Qd6 29. d5 Qxf6 30. Bxf6 Kf8 31. Ra1 Rdd7 32. Bxe7+ Kxe7 33. Ra6 Rb7 34. Kg1 Bc2 35. Ra2 Be4 36. Ra6 Bc2 37. d6+ Kd7 38. Bxf7 Bxb3 39. Bh5 h6 40. Bg4+ Be6 41. Bf3 Rb4 42. Rxa7+ Kxd6 43. Rh7 Rd4 44. Rxh6 Ke7 45. Kf2 Ra4 46. Rh7+ Kf6 47. Rb7 Bg4 48. Rb6+ Kg5 49. Rb8 Bxf3 50. Rg8+ Kf6 51. Kxf3 Kf7 52. Rg4 Ra6 53. Kg3 Rb6 54. Kh4 Ra6 55. Kh5 Rb6 56. Rg5 Ra6 57. Rb5 Kg7 58. Rb7+ Kg8 59. Re7 Rb6 60. g4 Ra6 61. Kg5 Rb6 62. Kf5 Ra6 63. Re4 Kg7 64. Re5 Rb6 65. Re7+ Kg8 66. g5 Ra6 67. Kg4 Rb6 68. Kh5 Ra6 69. Kg4 Rb6 70. Kf5 Ra6 71. Re6 Rxe6 72. Kxe6 Kg7 73. Kf5 Kf7 74. g6+ Kg7 75. Kg5 Kg8 76. Kf6 Kf8 77. g7+ Kg8 78. Kg6 1/2-1/2

[Event "North American op 34th"]
[Site "Las Vegas"]
[Date "2024.12.30"]
[Round "9"]
[White "Wilber, Matthew K"]
[Black "Wang, Tianqi"]
[Result "1/2-1/2"]
[WhiteElo "2109"]
[BlackElo "2339"]
[PlyCount "171"]
[EventDate "2024.12.26"]
[EventType "swiss"]
[EventRounds "9"]
[EventCountry "USA"]
[SourceTitle "CB02_2025"]
[SourceDate "2025.01.08"]
[SourceVersion "1"]
[SourceVersionDate "2025.01.08"]
[SourceQuality "1"]

1. e4 c6 2. d4 d5 3. e5 Bf5 4. Nf3 e6 5. Be2 a6 6. c3 Bg6 7. 0-0 c5 8. Be3 Nd7 9. dxc5 Bxc5 10. Nd4 Ne7 11. Nd2 Nf5 12. Nxf5 Bxf5 13. Bxc5 Nxc5 14. Nb3 Qc7 15. Qd4 Nd7 16. g4 Bc2 17. f4 g5 18. Rae1 gxf4 19. Qxf4 Bg6 20. Bf3 f6 21. Bg2 fxe5 22. Qg5 Qd8 23. Qe3 Qc7 24. Qg5 Qd6 25. c4 dxc4 26. Nd2 Qe7 27. Qe3 Bd3 28. Rf3 Rg8 29. h3 h5 30. gxh5 Qg5 31. Qf2 Rc8 32. Ne4 Bxe4 33. Rxe4 Qxh5 34. Rg3 Ke7 35. Rxc4 Qd1+ 36. Kh2 Rxc4 37. Rxg8 Qd4 38. Qg3 Qf4 39. Rg7+ Kd6 40. Rg4 Qxg3+ 41. Kxg3 Rc2 42. Bxb7 Rxb2 43. Bxa6 Rxa2 44. Bb7 Ra3+ 45. Kh4 Nf6 46. Rc4 Nd5 47. Rc6+ Ke7 48. Kg4 Ne3+ 49. Kg5 Nd5 50. Rc5 Rg3+ 51. Kh4 Rd3 52. Kg5 Rg3+ 53. Kh4 Rg1 54. Ra5 Nf4 55. Bf3 Kf6 56. Ra8 Ng6+ 57. Kh5 Nf4+ 58. Kh4 Ng6+ 59. Kh5 Rg5+ 60. Kh6 Rg3 61. Bg4 Nf4 62. Rf8+ Ke7 63. Rg8 Nxh3 64. Bxe6 Ra3 65. Bf5 Nf4 66. Rb8 Rg3 67. Be4 Kd6 68. Rd8+ Ke7 69. Ra8 Rg1 70. Bf5 Kf7 71. Be4 Re1 72. Ra7+ Kf6 73. Ra6+ Ke7 74. Bf3 Re3 75. Bg4 Ne2 76. Bxe2 Rxe2 77. Kg5 Rf2 78. Rb6 Kd7 79. Ra6 Rf8 80. Kg4 e4 81. Ra4 Re8 82. Rd4+ Kc6 83. Kf4 e3 84. Rd1 Kc5 85. Kf3 e2 86. Re1 1/2-1/2

[Event "North American op 34th"]
[Site "Las Vegas"]
[Date "2024.12.26"]
[Round "2"]
[White "Wang, Tianqi"]
[Black "Zhou, Jianchao"]
[Result "1/2-1/2"]
[WhiteElo "2339"]
[BlackElo "2572"]
[PlyCount "62"]
[EventDate "2024.12.26"]
[EventType "swiss"]
[EventRounds "9"]
[EventCountry "USA"]
[SourceTitle "CB02_2025"]
[SourceDate "2025.01.08"]
[SourceVersion "1"]
[SourceVersionDate "2025.01.08"]
[SourceQuality "1"]

1. d4 Nf6 2. Nf3 g6 3. Nbd2 Bg7 4. e4 d6 5. Bb5+ Nfd7 6. c3 a6 7. Bd3 Nc6 8. d5 Nce5 9. Bc2 Nxf3+ 10. Nxf3 0-0 11. 0-0 Nf6 12. h3 Bd7 13. Re1 c6 14. dxc6 Bxc6 15. Nd4 Qc7 16. a4 Bd7 17. Qe2 e5 18. Nf3 h6 19. Nd2 b5 20. axb5 axb5 21. Rxa8 Rxa8 22. Bb3 Bc6 23. Qd3 Rd8 24. Qc2 Qb7 25. f3 Nd7 26. Nf1 Nc5 27. Ne3 Nxb3 28. Qxb3 d5 29. exd5 Bxd5 30. Nxd5 Qxd5 31. Qxd5 Rxd5 1/2-1/2

[Event "Saint Louis Masters op"]
[Site "Saint Louis"]
[Date "2024.12.06"]
[Round "8"]
[White "Wang, Tianqi"]
[Black "Chen, Ryo"]
[Result "1/2-1/2"]
[WhiteElo "2339"]
[BlackElo "2419"]
[PlyCount "115"]
[EventDate "2024.12.03"]
[EventType "swiss"]
[EventRounds "9"]
[EventCountry "USA"]
[SourceTitle "CB50_2024"]
[SourceDate "2024.11.01"]
[SourceVersion "1"]
[SourceVersionDate "2024.11.01"]
[SourceQuality "2"]

1. d4 Nf6 2. Nf3 g6 3. c4 Bg7 4. e3 c5 5. d5 b5 6. cxb5 a6 7. Nc3 0-0 8. a4 d6 9. bxa6 Bxa6 10. Bxa6 Nxa6 11. 0-0 Nd7 12. Qe2 Qb6 13. Nd2 Nc7 14. e4 Qa6 15. Qd1 Ne5 16. Ra2 Nd3 17. Ne2 f5 18. Nc3 Bh6 19. Nb3 Nxc1 20. Nxc1 fxe4 21. Nxe4 Qc4 22. Re1 Qxd5 23. Nc3 Qxd1 24. Rxd1 Bg7 25. Nd3 Rfb8 26. g3 Kf7 27. Nf4 Rb3 28. Nfe2 Na6 29. Rd2 Nb4 30. Ra1 Nc6 31. Kg2 Rab8 32. Ra2 Na5 33. Nc1 Bxc3 34. Nxb3 Bxd2 35. Nxd2 e5 36. b3 Rb4 37. Nc4 Nxc4 38. bxc4 Rxc4 39. a5 Rb4 40. a6 Rb8 41. a7 Ra8 42. Ra6 Ke6 43. Kf3 Kd5 44. Ke3 e4 45. Ra4 g5 46. g4 Kc6 47. Ra6+ Kd5 48. Ra4 Kc6 49. Ra6+ Kb5 50. Rxd6 Rxa7 51. Rd5 Kb4 52. Kxe4 c4 53. Rxg5 Re7+ 54. Kd4 c3 55. Kd3 Rd7+ 56. Kc2 Rd2+ 57. Kc1 Rxf2 58. h4 1/2-1/2

[Event "Saint Louis Masters op"]
[Site "Saint Louis"]
[Date "2024.12.04"]
[Round "4"]
[White "Sevian, Samuel"]
[Black "Wang, Tianqi"]
[Result "1-0"]
[WhiteElo "2696"]
[BlackElo "2339"]
[PlyCount "81"]
[EventDate "2024.12.03"]
[EventType "swiss"]
[EventRounds "9"]
[EventCountry "USA"]
[SourceTitle "CB50_2024"]
[SourceDate "2024.11.01"]
[SourceVersion "1"]
[SourceVersionDate "2024.11.01"]
[SourceQuality "2"]

1. e4 c6 2. d4 d5 3. e5 Bf5 4. Nf3 e6 5. a3 Bg6 6. Be2 c5 7. Be3 cxd4 8. Nxd4 Nd7 9. h4 h5 10. c4 dxc4 11. Nd2 Ne7 12. Nxc4 Nd5 13. Bg5 Be7 14. Bxe7 Qxe7 15. Nd6+ Kf8 16. Nc4 Nf4 17. g3 Nxe2 18. Qxe2 Qc5 19. Nf3 Nb6 20. Nd6 Nc8 21. Nxb7 Qc2 22. Qxc2 Bxc2 23. Nc5 Nb6 24. Rc1 Bg6 25. 0-0 Ke7 26. Nd4 Rhc8 27. b4 Nd7 28. Nxd7 Kxd7 29. f3 f6 30. exf6 gxf6 31. Nb3 Ke7 32. Rfe1 e5 33. Kf2 Rc2+ 34. Rxc2 Bxc2 35. Na5 Kd6 36. Rc1 Ba4 37. Nb7+ Kd5 38. Ke3 Rg8 39. Nc5 Rc8 40. Rc3 Be8 41. Rd3+ 1-0

[Event "US Masters op"]
[Site "Charlotte"]
[Date "2024.12.01"]
[Round "8"]
[White "Liang, Awonder"]
[Black "Wang, Tianqi"]
[Result "1-0"]
[WhiteElo "2687"]
[BlackElo "2323"]
[PlyCount "49"]
[EventDate "2024.11.27"]
[EventType "swiss"]
[EventRounds "9"]
[EventCountry "USA"]
[SourceTitle "CB49_2024"]
[SourceDate "2024.12.04"]
[SourceVersion "1"]
[SourceVersionDate "2024.12.04"]
[SourceQuality "1"]

1. e4 c6 2. d4 d5 3. e5 Bf5 4. h4 a6 5. h5 c5 6. dxc5 Nc6 7. Bd3 Qd7 8. Ne2 Rd8 9. Nd2 Nxe5 10. Bxf5 Qxf5 11. Nd4 Qc8 12. b4 Nf6 13. Qe2 Nc6 14. Nxc6 Qxc6 15. Nb3 h6 16. Bb2 e6 17. 0-0-0 Be7 18. g4 0-0 19. g5 Ne4 20. gxh6 Bg5+ 21. Kb1 Bxh6 22. Rhg1 Kh7 23. f3 Nf6 24. Qd3+ Kh8 25. Rxg7 1-0

[Event "US Masters op"]
[Site "Charlotte"]
[Date "2024.11.30"]
[Round "7"]
[White "Wang, Tianqi"]
[Black "Koustav, Chatterjee"]
[Result "1/2-1/2"]
[WhiteElo "2323"]
[BlackElo "2510"]
[PlyCount "152"]
[EventDate "2024.11.27"]
[EventType "swiss"]
[EventRounds "9"]
[EventCountry "USA"]
[SourceTitle "CB49_2024"]
[SourceDate "2024.12.04"]
[SourceVersion "1"]
[SourceVersionDate "2024.12.04"]
[SourceQuality "1"]

1. d4 Nf6 2. Nf3 d5 3. c4 e6 4. e3 b6 5. b3 Bb7 6. Bd3 Bd6 7. 0-0 Nbd7 8. cxd5 exd5 9. Ba3 Bxa3 10. Nxa3 0-0 11. Rc1 c5 12. Qe2 a6 13. Rfd1 Qe7 14. Nb1 Ne4 15. Nc3 b5 16. dxc5 Ndxc5 17. Bb1 Rfd8 18. Nd4 g6 19. Qb2 b4 20. Nce2 Rac8 21. Bxe4 dxe4 22. Nf4 a5 23. Qd2 Qg5 24. Rc2 Nd3 25. Rxc8 Rxc8 26. Nde2 Ba6 27. h3 h5 28. a3 bxa3 29. Ra1 Qh4 30. g3 Qf6 31. Nd4 Nxf4 32. gxf4 Rc5 33. Rxa3 Qb6 34. Ra1 Bc8 35. Kh2 Qc7 36. Rg1 Kh7 37. b4 axb4 38. Qxb4 Rc4 39. Qb2 Rc5 40. Qb1 Qe7 41. Rc1 Rxc1 42. Qxc1 Qh4 43. Qf1 Qe7 44. Qg2 f6 45. Qg3 g5 46. f5 h4 47. Qb8 Qe5+ 48. Qxe5 fxe5 49. Nc6 Bxf5 50. Nxe5 Kg7 51. Nc6 Kf6 52. Nd4 Bc8 53. Kg2 Bb7 54. Kh2 Ke5 55. Kg2 Ba6 56. Nc6+ Kd6 57. Nd4 Kd5 58. Kh2 Bf1 59. Nf5 Bb5 60. Nd4 Bd7 61. Kg2 Kc4 62. Kh2 Kd3 63. Kg2 Kd2 64. Kh2 Bc8 65. Kg2 Ke1 66. Nc2+ Kd1 67. Nd4 Kd2 68. Kh2 Ke1 69. Kg2 Ba6 70. Ne6 Bf1+ 71. Kg1 Bxh3 72. Nxg5 Bf5 73. Kg2 Ke2 74. Nxe4 Bxe4+ 75. Kh3 Kxf2 76. Kxh4 Kxe3 1/2-1/2

[Event "US Masters op"]
[Site "Charlotte"]
[Date "2024.11.29"]
[Round "4"]
[White "Fernandez, Daniel Howard"]
[Black "Wang, Tianqi"]
[Result "1/2-1/2"]
[WhiteElo "2503"]
[BlackElo "2323"]
[PlyCount "132"]
[EventDate "2024.11.27"]
[EventType "swiss"]
[EventRounds "9"]
[EventCountry "USA"]
[SourceTitle "CB49_2024"]
[SourceDate "2024.12.04"]
[SourceVersion "1"]
[SourceVersionDate "2024.12.04"]
[SourceQuality "1"]

1. e4 c6 2. d4 d5 3. exd5 cxd5 4. Nf3 Nc6 5. Bb5 Qa5+ 6. Nc3 Bg4 7. h3 Bxf3 8. Qxf3 e6 9. 0-0 Bd6 10. Qg4 g6 11. a3 Qc7 12. Re1 Kf8 13. Bd3 a6 14. Ne2 Kg7 15. Nf4 Nf6 16. Qh4 Rae8 17. Qh6+ Kxh6 18. Nxe6+ g5 19. Bxg5+ Kh5 20. g4+ Nxg4 21. hxg4+ Kxg4 22. Be2+ Kf5 23. Bd3+ Kg4 24. Be2+ Kf5 25. Nxc7 Bxc7 26. Be3 Rhg8+ 27. Kf1 Bh2 28. Bd3+ Kf6 29. c3 Na5 30. Ke2 Nc4 31. Bxc4 dxc4 32. Rh1 Bf4 33. Kf3 Bxe3 34. fxe3 Re6 35. Rxh7 Ke7 36. Rh2 Rf6+ 37. Ke2 Rb6 38. Rb1 Rg1 39. Rxg1 Rxb2+ 40. Kf3 Rxh2 41. a4 Rb2 42. Rg5 Rb3 43. Rc5 b5 44. axb5 axb5 45. Kf4 Kd6 46. e4 f6 47. Rh5 Rxc3 48. Rxb5 Rd3 49. d5 Rb3 50. Ra5 Rb6 51. Ra8 Kc5 52. Rc8+ Kd4 53. Rc6 Rb1 54. Kf5 Rf1+ 55. Ke6 Re1 56. d6 Rxe4+ 57. Kxf6 Re8 58. d7 Rd8 59. Rd6+ Ke4 60. Ke7 Rxd7+ 61. Kxd7 c3 62. Ke6 c2 63. Rc6 Kd3 64. Kd5 Kd2 65. Ke4 c1Q 66. Rxc1 Kxc1 1/2-1/2

[Event "US Masters op"]
[Site "Charlotte"]
[Date "2024.11.29"]
[Round "5"]
[White "Wang, Tianqi"]
[Black "Budisavljevic, Luka"]
[Result "1/2-1/2"]
[WhiteElo "2323"]
[BlackElo "2488"]
[PlyCount "52"]
[EventDate "2024.11.27"]
[EventType "swiss"]
[EventRounds "9"]
[EventCountry "USA"]
[SourceTitle "CB49_2024"]
[SourceDate "2024.12.04"]
[SourceVersion "1"]
[SourceVersionDate "2024.12.04"]
[SourceQuality "1"]

1. d4 Nf6 2. Nf3 e6 3. c4 d5 4. e3 Bb4+ 5. Nbd2 Be7 6. b3 b6 7. Bd3 Bb7 8. 0-0 c5 9. cxd5 exd5 10. Ba3 0-0 11. Rc1 Nbd7 12. Nb1 Rc8 13. Qe2 Bd6 14. Nc3 Re8 15. Bb2 Qe7 16. Ba6 Nf8 17. Bxb7 Qxb7 18. dxc5 Bxc5 19. Rfd1 Ne6 20. Qd3 Red8 21. Ne2 Ne4 22. Ng3 h6 23. Rc2 Bf8 24. Rxc8 Qxc8 25. Rc1 Qb7 26. Nd4 Nxg3 1/2-1/2

[Event "US Masters op"]
[Site "Charlotte"]
[Date "2024.11.28"]
[Round "2"]
[White "Parkhov, Yair"]
[Black "Wang, Tianqi"]
[Result "1/2-1/2"]
[WhiteElo "2523"]
[BlackElo "2323"]
[PlyCount "80"]
[EventDate "2024.11.27"]
[EventType "swiss"]
[EventRounds "9"]
[EventCountry "USA"]
[SourceTitle "CB49_2024"]
[SourceDate "2024.12.04"]
[SourceVersion "1"]
[SourceVersionDate "2024.12.04"]
[SourceQuality "1"]

1. c4 e6 2. Nc3 d5 3. d4 c6 4. e3 f5 5. Nf3 Nd7 6. Be2 Bd6 7. b3 Qe7 8. Bb2 Ngf6 9. 0-0 0-0 10. a4 a5 11. Qc2 Ne4 12. Nb1 b6 13. Ne5 Bb7 14. Nd2 Nxd2 15. Qxd2 Nxe5 16. dxe5 Bb4 17. Qc2 Rad8 18. Rfd1 Rd7 19. Rac1 Bc5 20. Bd4 Bxd4 21. exd4 c5 22. Bf3 Rfd8 23. dxc5 Qxc5 24. cxd5 Qxc2 25. Rxc2 Bxd5 26. Bxd5 Rxd5 27. Rxd5 Rxd5 28. f4 b5 29. Rc8+ Kf7 30. Rc7+ Kf8 31. Ra7 bxa4 32. bxa4 Rd4 33. Ra8+ Kf7 34. Ra7+ Kf8 35. Rxa5 Rxf4 36. Ra8+ Kf7 37. Ra7+ Kg6 38. Ra6 Kf7 39. Ra7+ Kg6 40. Ra6 Kf7 1/2-1/2

[Event "Charlotte Fall GM Alto"]
[Site "Charlotte"]
[Date "2024.11.26"]
[Round "8"]
[White "Wang, Tianqi"]
[Black "Ouellet, Maili Jade"]
[Result "1/2-1/2"]
[WhiteElo "2323"]
[BlackElo "2352"]
[PlyCount "22"]
[EventDate "2024.11.22"]
[EventType "tourn"]
[EventRounds "9"]
[EventCountry "USA"]
[EventCategory "7"]
[SourceTitle "CB49_2024"]
[SourceDate "2024.12.04"]
[SourceVersion "1"]
[SourceVersionDate "2024.12.04"]
[SourceQuality "1"]

1. c4 e6 2. g3 Nf6 3. Bg2 d5 4. Nf3 Be7 5. 0-0 0-0 6. b3 b6 7. d4 Bb7 8. Nc3 c5 9. dxc5 bxc5 10. cxd5 exd5 11. e3 Re8 1/2-1/2

[Event "Charlotte Fall GM Alto"]
[Site "Charlotte"]
[Date "2024.11.23"]
[Round "4"]
[White "Wang, Tianqi"]
[Black "Mitrabha, Guha"]
[Result "1-0"]
[WhiteElo "2323"]
[BlackElo "2511"]
[PlyCount "141"]
[EventDate "2024.11.22"]
[EventType "tourn"]
[EventRounds "9"]
[EventCountry "USA"]
[EventCategory "7"]
[SourceTitle "CB49_2024"]
[SourceDate "2024.12.04"]
[SourceVersion "1"]
[SourceVersionDate "2024.12.04"]
[SourceQuality "1"]

1. d4 Nf6 2. Nf3 c5 3. d5 b5 4. e4 Nxe4 5. Bd3 Nf6 6. Bxb5 g6 7. c4 Bg7 8. Nc3 0-0 9. 0-0 Ba6 10. Re1 Bxb5 11. Nxb5 d6 12. Bd2 Nbd7 13. Bc3 Nb6 14. b3 Qd7 15. a4 a6 16. Na3 Rab8 17. Qc2 Rfe8 18. Rad1 Qf5 19. Qa2 Nbd7 20. Nc2 Rb7 21. Ne3 Qf4 22. Nf1 Nh5 23. Bxg7 Kxg7 24. Re3 Nf8 25. Ng3 Nf6 26. Qb2 Kg8 27. Qc2 Qh6 28. h3 Qg7 29. Qe2 Rd7 30. Qe1 Rb7 31. Qa5 Ra8 32. Rde1 Raa7 33. R1e2 h6 34. Qe1 e5 35. dxe6 Nxe6 36. Rd2 Rd7 37. Qd1 Qf8 38. Red3 Ne8 39. Ne4 Nf4 40. Re3 Re7 41. Nxd6 Rxe3 42. fxe3 Ne6 43. Nxe8 Qxe8 44. Ne5 Nf8 45. Ng4 Qe7 46. Qa1 f5 47. Nf6+ Kf7 48. Nd5 Qh4 49. Rf2 Rb7 50. Rf4 Qg5 51. Qc3 Ne6 52. Rf2 Qh4 53. a5 h5 54. Rf3 Kg8 55. Kh2 Qd8 56. Rg3 Nf8 57. Nf6+ Kf7 58. Nxh5 Ne6 59. Nf4 Nxf4 60. exf4 Re7 61. Rd3 Qc7 62. Qd2 Qb8 63. Rd8 Qc7 64. Qd6 Qxa5 65. Qd5+ Kf6 66. Rf8+ Kg7 67. Qg8+ Kh6 68. Rf6 Rg7 69. Qh8+ Rh7 70. Qf8+ Kh5 71. Rxf5+ 1-0

[Event "Chesterfield SPICE Cup op 18th"]
[Site "Chesterfield"]
[Date "2024.10.17"]
[Round "8"]
[White "Wang, Tianqi"]
[Black "Proleiko, Julian"]
[Result "1/2-1/2"]
[WhiteElo "2331"]
[BlackElo "2276"]
[PlyCount "25"]
[EventDate "2024.10.13"]
[EventType "swiss"]
[EventRounds "9"]
[EventCountry "USA"]
[SourceTitle "CB43_2024"]
[Source "Chessbase"]
[SourceDate "2024.10.23"]
[SourceVersion "1"]
[SourceVersionDate "2024.10.23"]
[SourceQuality "1"]

1. d4 Nf6 2. f3 d5 3. e4 e5 4. dxe5 Nxe4 5. fxe4 Qh4+ 6. Kd2 Qh6+ 7. Kc3 Qc6+ 8. Kd2 Qh6+ 9. Ke2 Qh5+ 10. Ke1 Qh4+ 11. Kd2 Qh6+ 12. Kc3 Qc6+ 13. Kd2 1/2-1/2

[Event "Austin Spring IM"]
[Site "Austin"]
[Date "2024.05.28"]
[Round "8"]
[White "Wang, Tianqi"]
[Black "Almeida Saenz, Alfonso"]
[Result "1-0"]
[WhiteElo "2334"]
[BlackElo "2208"]
[PlyCount "97"]
[EventDate "2024.05.24"]
[EventType "tourn"]
[EventRounds "9"]
[EventCountry "USA"]
[SourceTitle "CBM 220 Extra"]
[Source "ChessBase"]
[SourceDate "2024.07.31"]
[SourceVersion "1"]
[SourceVersionDate "2024.07.31"]
[SourceQuality "1"]

1. d4 d5 2. Nf3 c5 3. e3 Nc6 4. c3 e6 5. Bd3 c4 6. Bc2 f5 7. b3 cxb3 8. axb3 Nf6 9. 0-0 Bd6 10. Ba3 0-0 11. Bxd6 Qxd6 12. b4 b5 13. Bd3 Rb8 14. Nbd2 a6 15. Nb3 Ne4 16. Qc2 Rf6 17. Na5 Nxa5 18. Rxa5 Bb7 19. Bxe4 dxe4 20. Ne5 Rc8 21. Qb3 f4 22. exf4 Rxf4 23. Qb2 Qc7 24. Qd2 Rf5 25. Ra3 Qd8 26. Qe3 Qd5 27. h3 Rc7 28. c4 bxc4 29. Ra5 Qd6 30. Rc5 Bd5 31. Rc1 Rb7 32. Nxc4 Qe7 33. Ne5 Rf8 34. Qg3 Qf6 35. Rc7 Qh6 36. Rc8 g6 37. Ng4 Qg7 38. Qf4 g5 39. Rxf8+ Qxf8 40. Qxg5+ Rg7 41. Qe5 Rg6 42. Ne3 Bb7 43. Rc7 Qxb4 44. Qh5 Rg7 45. Qe8+ Qf8 46. Qxe6+ Kh8 47. Qe5 Kg8 48. Rxg7+ Qxg7 49. Qb8+ 1-0